000 00415nab a2200145Ia 4500
003 ES-SlBCS
005 20210601131729.0
008 140529s1952 xxu||||| |||| 00| 0 fre d
041 _afre
100 1 _aRétel, Luc
_9188375
245 0 0 _aLa situation de l'Église en Pologne
_c Luc Rétel
650 4 _aIglesia-Polonia
_9165720
773 0 _tVie Intelectuelle (La)
_gnº. 3, 1952, págs. 4-40
_wRev907
942 _cAR
999 _c567783
_d567783